000 00277nam a22001337a 4500
003 SGT
082 _bCHA
100 _aCHAWLA, H.S.
245 _aINTRODUCTION TO PLANT BIO- TECHNOLOGY
250 _a3RD
260 _bOXFORD & IBH
_c2017
300 _a698
942 _2ddc
_cBK
_066
999 _c15404
_d15404